Statystyki dla Zgadnij piłkarza

Kliknij tutaj aby rozwiązać quiz!

Ogólne statystyki

  • Ten quiz został rozwiązany 22 razy
  • Średni wynik to 13 z 25

Statystyki odpowiedzi

Odpowiedź% Poprawnych
David Luiz
90%
Vincent Kompany
90%
Alexis Sánchez
70%
Mario Gomez
70%
Jerzy Dudek
65%
Mario Mandžukić
65%
Patrick Vieira
65%
Roy Keane
60%
Usain Bolt
60%
Carlos Tevez
55%
Diego Forlan
55%
Julio César
55%
Raúl
55%
Vesley Sneijder
50%
Alessandro Nesta
45%
Emmanuel Adebayor
45%
Kenny Dalglish
45%
Emilio Butragueño
40%
Francesco Totti
40%
Roberto Carlos
40%
Fabio Cannavaro
30%
Juninho
30%
Milan Baros
30%
Antonin Panenka
25%
Aboubakar
15%

Rozkład punktacji

Percentyl według liczby udzielonych odpowiedzi

Procent ludzi z każdym wynikiem

Twoja historia wyników

Nie rozwiązałeś tego quizu